000 01637cam a2200385 4500
001 3154337
003 OSt
005 20110527125850.0
008 740321m19739999enk 001 0 eng
010 _a 74158006
020 _a0406034710 (v. 3(2))
040 _aDLC
_cDLC
_dDLC
043 _ae-uk---
050 0 0 _aKD310
_b.H34
082 0 0 _a348.42
245 0 0 _aHalsbury's laws of England: Bankruptcy and Insolvency Vol.3(2) /
250 _a4th ed.
_b[Editor in chief] Lord Hailsham of St. Marylebone.
260 _aLondon,
_bButterworths,
_c1989-
300 _av. ;
_c26 cm.
500 _aKept up to date by current service bulletins: Monthly review, Noter-up, Key, and Annual cumulative supplements, and revised ("reissued") volumes.
500 _aIncludes indexes.
590 _aLC holdings, until complete, listed in shelflist only.
650 0 _aLaw
_zGreat Britain.
_94822
700 1 _aHalsbury, Hardinge Stanley Giffard,
_cEarl of,
_d1823-1921.
_94823
700 1 _aHailsham of St. Marylebone, Quintin Hogg,
_cBaron,
_d1907-2001.
_94824
730 0 _aHalsbury's laws of England.
_pMonthly review.
_94825
730 0 _aHalsbury's laws of England.
_pNoter-up.
_94826
730 0 _aHalsbury's laws of England.
_pKey.
_94827
730 0 _aHalsbury's laws of England.
_pAnnual cumulative supplement.
_94828
740 0 _aLaws of England.
906 _a7
_bcbc
_corignew
_d3
_encip
_f19
_gy-gencatlg
942 _2ddc
_cREF
999 _c2275
_d2275